Colours in Hindi - Statistics

General Stats
  • This quiz has been taken 52 times
  • The average score is 10 of 16
Answer Stats
Hindi name English name % Correct
नीला Blue
96%
लाल Red
92%
पीला Yellow
92%
काला Black
90%
हरा Green
86%
सफ़ेद White
82%
गुलाबी Pink
80%
नारंगी Orange
78%
भूरा Brown
64%
बैंगनी Purple | Violet
62%
सुनहरा Gold
44%
ख़ाकी Khaki
42%
केसरिया Saffron
38%
धूसर Grey
30%
हरिनील Cyan
26%
फ़िरोजा Turquoise
18%
No matching quizzes found
Score Distribution
Percent of People with Each Score
Percentile by Number Answered
Your Score History
You have not taken this quiz